000 00310nam a22001337a 4500
008 170926b xxu||||| |||| 00| 0 eng d
020 _a9781891859380
041 _aeng
080 _a37
100 _a46
101 _aEDU
245 _aSUCCESSFULS BEGINNING FOR COLLEGE TEACHING
_cGLYNN,A.P
942 _2udc
_cBK
999 _c29934
_d29934